000 00952nam a22003497a 4500
001 BR2016003522
003 BR-BrBNA
005 20230928104945.0
007 ta
008 230509b bl.||||| |||| 00| 0 por d
040 _aBR-BrBNA
_bpor
_cBiblioteca Nacional de Agricultura
041 _a(Por)
072 _aC20; F01
_b1410
090 _ 1410 BR2016003522
110 1 _aBolsa de Cereais de São Paulo, SP (Brasil)
_91271
245 1 _aCurso de formação de classificador de produtos de origem vegetal: feijão
260 3 _aSão Paulo, SP (Brasil):
_c1980.
300 _a40 p.
500 _a4 illus.; 7 tables
650 _aFEIJÃO
650 _aTAXONOMIA VEGETAL
650 _aVARIEDADE
650 _aSOLO
650 _aSEMEADURA
650 _aCALAGEM
650 _aCOLHEITA
650 _aARMAZENAMENTO
650 _aDOENÇA DE PLANTA
650 _aPRAGA DE PLANTA
909 _a202309
_bLucia
_c55
_dLucia Elande
942 _cBK
999 _c82630
_d82630